| 000 | 00626nam a2200217 a 4500 | ||
|---|---|---|---|
| 001 | BRL_1173 | ||
| 005 | 20190320211051.0 | ||
| 008 | 211113s1966----mx-a######---#000-d#spa-# | ||
| 041 | _aspa | ||
| 044 | _amx | ||
| 050 | 4 |
_aPQ7297.C37 _b.Y6 1966 |
|
| 100 | 1 |
_aCarballido, Emilio _926008 |
|
| 245 | 1 | 0 |
_aYo también hablo de la rosa _cEmilio Carballido. |
| 260 |
_aMéxico _bInstituto Nacional de Bellas Artes, Departamento de Teatro _c1966 |
||
| 300 |
_a73 p. _bil. _c17 cm. |
||
| 440 | 0 |
_aColección de teatro _v5 _926009 |
|
| 500 | _aAu1350 | ||
| 650 | 1 | 4 |
_aTeatro mexicano _ySiglo XX _925043 |
| 902 | _aGRL | ||
| 942 |
_2lcc _cB |
||
| 999 |
_c9985 _d9985 |
||